Statistics for States That Border Virginia

Click here to take the quiz!

General Stats

  • This quiz has been taken 17 times
  • The average score is 15 of 16

Answer Stats

QuestionTileSelect% Correct
What Borders VirginiaarizonaNo
100%
What Borders VirginiageorgiaNo
100%
What Borders VirginiamaineNo
100%
What Borders VirginiamarylandYes
100%
What Borders VirginianebraskaNo
100%
What Borders Virginianew mexicoNo
100%
What Borders Virginianew yorkNo
100%
What Borders Virginiasouth carolinaNo
100%
What Borders VirginiatexasNo
100%
What Borders Virginiawest virginiaYes
100%
What Borders VirginiawyomingNo
100%
What Borders VirginiakansasNo
93%
What Borders Virginianorth carolinaYes
93%
What Borders VirginiawashingtonNo
93%
What Borders VirginiakentuckyYes
79%
What Borders VirginiatennesseeYes
64%

Score Distribution

Percentile by Number Answered

Percent of People with Each Score

Your Score History

You have not taken this quiz